000 01478nam a2200325 a 4500
001 BRCA_7064
005 20190320205711.0
008 180511s1527----gw-a#####d---#000-0#ger-#
041 _ager
044 _agw
050 4 _aPT1769
_b.S23 1527
100 1 _aSachs, Hans
_d1494-1576
_917563
245 1 0 _aEin wunderliche Weissagung von dem Bapstumb
_bwie es yhm bis an das Ende der Welt gehen sol ynn Figuren odder Gemelde begriffen : gefunden zu Nurmberg ym Cartheuserkloster vnd ist seer alt
_cein Vorred Andreas Osianders mit gutter verstendtlicher Auslegung durch gelerte Leut verklert, wilche Hans Sachs yn deudsche Reymen gefasset vnd darzu gesetzt hat.
260 _a[Wittenberg, Alemania
_bHans Weiss]
_c[1527]
300 _a1 v. (sin paginación)
_bil., 30 grabados
_c21 cm.
500 _aCon ex-libris de: Robert Hoe
500 _aCon ex-libris de: Leonard Klein
500 _aCon ex-libris de: Harold Greenhill, 1941
500 _aFondo antiguo
500 _aSe encuentra en Caja Fuerte
500 _aO-118
506 0 _aFondo reservado: para su consulta es necesario credencial de usuario y carta de motivos
650 1 4 _aPapas
_vPrimeros trabajos hasta 1800
_xProfecías
_917564
650 1 4 _aSanta sede
_vPrimeros trabajos hasta 1800
_917565
650 1 4 _aLibros ilustrados
_xHistoria
_ySiglos XV y XVI
_917566
650 1 4 _aGrabado en madera, alemán
_ySiglo XVI
_917567
700 1 _aOsiander, Andreas
_d1498-1552
_917568
902 _aLAR
942 _2lcc
_cB
999 _c6745
_d6745